The long game / (Record no. 416219)
[ view plain ]
| 000 -LEADER | |
|---|---|
| fixed length control field | 02356nam a2200505 i 4500 |
| 001 - CONTROL NUMBER | |
| control field | in503396351 |
| 003 - CONTROL NUMBER IDENTIFIER | |
| control field | Ingram |
| 005 - DATE AND TIME OF LATEST TRANSACTION | |
| control field | 20260205160011.0 |
| 008 - FIXED-LENGTH DATA ELEMENTS--GENERAL INFORMATION | |
| fixed length control field | 250401s20242022onc 000 1 eng d |
| 020 ## - INTERNATIONAL STANDARD BOOK NUMBER | |
| International Standard Book Number | 9781335534644 |
| Qualifying information | (paperback) |
| 020 ## - INTERNATIONAL STANDARD BOOK NUMBER | |
| International Standard Book Number | 1335534644 |
| Qualifying information | (paperback) |
| 035 ## - SYSTEM CONTROL NUMBER | |
| System control number | (OCoLC)1474543457 |
| 040 ## - CATALOGING SOURCE | |
| Original cataloging agency | TnLvILS |
| Language of cataloging | eng |
| Description conventions | rda |
| Transcribing agency | TnLvILS |
| Modifying agency | TnLvILS |
| 043 ## - GEOGRAPHIC AREA CODE | |
| Geographic area code | n-cn-qu |
| -- | n-cn-on |
| 082 04 - DEWEY DECIMAL CLASSIFICATION NUMBER | |
| Classification number | 813/.6 |
| Edition number | 23/eng/20250331 |
| 092 ## - LOCALLY ASSIGNED DEWEY CALL NUMBER (OCLC) | |
| Classification number | fiction |
| Item number | Reid, Rachel |
| 100 1# - MAIN ENTRY--PERSONAL NAME | |
| Personal name | Reid, Rachel, |
| Relator term | author. |
| 9 (RLIN) | 6560203 |
| 245 14 - TITLE STATEMENT | |
| Title | The long game / |
| Statement of responsibility, etc | Rachel Reid. |
| 264 #1 - Production, Publication, Distribution, Manufacture, and Copyright Notice. | |
| Place of production, publication, distribution, manufacture | Toronto, Ontario : |
| Name of producer, publisher, distributor, manufacturer | Carina Press, |
| Date of production, publication, distribution, manufacture, or copyr | [2024] |
| 264 #4 - Production, Publication, Distribution, Manufacture, and Copyright Notice. | |
| Date of production, publication, distribution, manufacture, or copyr | ©2022. |
| 300 ## - PHYSICAL DESCRIPTION | |
| Extent | 414 pages ; |
| Dimensions | 21 cm. |
| 336 ## - Content Type | |
| Content type term | text |
| 337 ## - Media type | |
| Media type term | unmediated |
| 338 ## - Carrier type | |
| Carrier type term | volume |
| 490 1# - SERIES STATEMENT | |
| Series statement | Adores. |
| 490 0# - SERIES STATEMENT | |
| Series statement | Game Changers ; |
| Volume number/sequential designation | 6 |
| 520 ## - SUMMARY, ETC. | |
| Summary, etc | "Ten years. That's how long Shane Hollander and Ilya Rozanov have been seeing each other. How long they've been keeping their relationship a secret. From friends, from family...from the league. If Shane wants to stay at the top of his game, what he and Ilya share has to remain secret. He loves Ilya, but what if going public ruins everything? Ilya is sick of secrets. Shane has gotten so good at hiding his feelings, sometimes Ilya questions if they even exist. The closeness, the intimacy, even the risk that would come with being open about their relationship...Ilya wants it all. It's time for them to decide what's most important--hockey or love. It's time to make a call"-- |
| 650 #0 - SUBJECT ADDED ENTRY--TOPICAL TERM | |
| Topical term or geographic name as entry element | Gay men |
| Form subdivision | Fiction. |
| 9 (RLIN) | 6362406 |
| 650 #0 - SUBJECT ADDED ENTRY--TOPICAL TERM | |
| Topical term or geographic name as entry element | Bisexual men |
| Form subdivision | Fiction. |
| 9 (RLIN) | 5736341 |
| 650 #0 - SUBJECT ADDED ENTRY--TOPICAL TERM | |
| Topical term or geographic name as entry element | Closeted gay people |
| Form subdivision | Fiction. |
| 9 (RLIN) | 6560209 |
| 650 #0 - SUBJECT ADDED ENTRY--TOPICAL TERM | |
| Topical term or geographic name as entry element | Hockey players |
| Form subdivision | Fiction. |
| 9 (RLIN) | 5745444 |
| 650 #0 - SUBJECT ADDED ENTRY--TOPICAL TERM | |
| Topical term or geographic name as entry element | Sports rivalries |
| Form subdivision | Fiction. |
| 9 (RLIN) | 6560205 |
| 650 #0 - SUBJECT ADDED ENTRY--TOPICAL TERM | |
| Topical term or geographic name as entry element | Sexual attraction |
| Form subdivision | Fiction. |
| 9 (RLIN) | 5735104 |
| 650 #0 - SUBJECT ADDED ENTRY--TOPICAL TERM | |
| Topical term or geographic name as entry element | Secrecy |
| Form subdivision | Fiction. |
| 9 (RLIN) | 5674238 |
| 650 #0 - SUBJECT ADDED ENTRY--TOPICAL TERM | |
| Topical term or geographic name as entry element | Depression, Mental |
| Form subdivision | Fiction. |
| 9 (RLIN) | 5701821 |
| 650 #0 - SUBJECT ADDED ENTRY--TOPICAL TERM | |
| Topical term or geographic name as entry element | Man-man relationships |
| Form subdivision | Fiction. |
| 9 (RLIN) | 6492100 |
| 651 #0 - SUBJECT ADDED ENTRY--GEOGRAPHIC NAME | |
| Geographic name | Montréal (Québec) |
| Form subdivision | Fiction. |
| 9 (RLIN) | 6399345 |
| 651 #0 - SUBJECT ADDED ENTRY--GEOGRAPHIC NAME | |
| Geographic name | Ottawa (Ont.) |
| Form subdivision | Fiction. |
| 9 (RLIN) | 6505701 |
| 655 #7 - INDEX TERM--GENRE/FORM | |
| Genre/form data or focus term | Gay fiction. |
| Source of term | lcgft. |
| 9 (RLIN) | 6371265 |
| 655 #7 - INDEX TERM--GENRE/FORM | |
| Genre/form data or focus term | Bisexual fiction. |
| Source of term | lcgft. |
| 9 (RLIN) | 6448224 |
| 655 #7 - INDEX TERM--GENRE/FORM | |
| Genre/form data or focus term | Romance fiction. |
| Source of term | lcgft. |
| 655 #7 - INDEX TERM--GENRE/FORM | |
| Genre/form data or focus term | Sports fiction. |
| Source of term | lcgft. |
| 9 (RLIN) | 5744746 |
| 830 #0 - SERIES ADDED ENTRY--UNIFORM TITLE | |
| Uniform title | Adores. |
| 9 (RLIN) | 6560208 |
| 942 ## - ADDED ENTRY ELEMENTS (KOHA) | |
| Source of classification or shelving scheme | Dewey Decimal Classification |
| Koha item type | BOOK |
| Withdrawn status | Lost status | Source of classification or shelving scheme | Damaged status | Not for loan | Collection code | Home library | Current library | Shelving location | Date acquired | Source of acquisition | Serial Enumeration / chronology | Total Checkouts | Total Renewals | Full call number | Barcode | Checked out | Date last seen | Date checked out | Cost, replacement price | Price effective from | Koha item type |
|---|---|---|---|---|---|---|---|---|---|---|---|---|---|---|---|---|---|---|---|---|---|
| Dewey Decimal Classification | Fiction | Wasatch County Library | Wasatch County Library | First Floor | 02/06/2026 | Ingram | #6 Game Changers | 2 | 2 | F Reid | 34301002106955 | 04/27/2026 | 02/26/2026 | 02/26/2026 | 18.99 | 02/06/2026 | BOOK |
